• 首页
  • 本馆介绍
  • 公告通知
  • 最新文献
  • 馆藏检索
  • 电子资源
  • 读者导购
  • 参考咨询
  • 我的图书馆
  • 登录
  • 详细信息显示
  • 放入我的书架
  • 预约/预借图书
  • 作者相关作品
  • 分类相关作品
  • 丛书相关作品
  • 出版社相关作品

书目信息

  • 表格格式
  • 工作单格式
  • 卡片格式
书名: Smoking and politics
作者: A. Lee Fritschler
分册号:
分册名:
出版地: Englewood Cliffs, N.J. :
 
出版社: Prentice-Hall
出版时间: c1996.
页数: xiv, 180 p. ;
开本: 20 cm.
丛书名:
中图分类号:
科图分类号:
其他分类号: F768.2
主题词:
电子资源:
000 01027cam a2200313 a 4500
001 E0732602010
003 CAL
005 20070714091922.01
008 820202s1996 nju b 00110 eng
010    @a 82000505 //r88
020    @a0-13-435801-5.
040    @cPUL
043    @an-us---
050 0  @aHF6161.C35@bF7 1983
082 0  @a659.1/967973/0973@219
090    @aF768.2
093    @aF768.2
099    @dF768.2@ex88=5
100 1  @aFritschler, A. Lee,@d1937-
245 10 @aSmoking and politics :@bpolicy making and the federal bureaucracy / @cA. Lee Fritschler@s(5th ed).
250    @a5th ed.
260    @aEnglewood Cliffs, N.J. :@bPrentice-Hall,@cc1996.
300    @axiv, 180 p. ;@c20 cm.
500    @aIncludes index.
504    @aBibliography: p. 167-169.
610 10 @aUnited States.@bFederal Trade Commission.
650  0 @aCigarettes@xLabeling@xLaw and legislation@zUnited States.
650  0 @aCigarettes@xLabeling@xGovernment policy@zUnited States.
650  0 @aAdvertising@xCigarettes@zUnited States.
    
    Smoking and politics : : policy making and the federal bureaucracy / / A. Lee Fritschler ((5th ed).).-5th ed.-Englewood Cliffs, N.J. : : Prentice-Hall, , c1996.
    xiv, 180 p. ; ; 20 cm.
    Includes index.-Bibliography: p. 167-169.
    
    ISBN 0-13-435801-5.
    
●
相关链接 在E读中查询图书 在五车中查询图书 在当当中查询图书 在豆瓣中查询图书


正题名:Smoking and politics     索取号:F768.2/x88=5         预约/预借

序号 登录号 条形码 馆藏地/架位号 状态 备注
1 0011623   300116238   第二样本阅览室/ [索取号:F768.2/x88=5] 在馆    
2 0013119   300131195   第四借阅区/ [索取号:F768.2/x88=5] 在馆    
唐山师范学院图书馆 欢迎您!
大连网信软件有限公司© 版权所有